| 000 | 00375nam a2200121Ia 4500 | ||
|---|---|---|---|
| 008 | 220615s9999||||xx |||||||||||||| ||und|| | ||
| 020 | _a9781840000000 | ||
| 245 | 0 |
_aEpilepsy _bUpdate on Classification, Etiologies, Instrumental Diagnosis and Treatment |
|
| 546 | _aEnglish[eng] | ||
| 700 | _aMisciagna, Sandro | ||
| 856 | _uhttps://www.intechopen.com/books/9519 | ||
| 942 | _cEB | ||
| 999 |
_c10127 _d10127 |
||